Report of the commissioners appointed to report and advise upon the boundaries and wards of certain boroughs and corporate towns in England and Wales (Record no. 114126)

MARC details
000 -LEADER
fixed length control field 00942cam a22002055a 4500
001 - CONTROL NUMBER
control field L156245
008 - FIXED-LENGTH DATA ELEMENTS--GENERAL INFORMATION
fixed length control field 120509s1837 xxk f 000 0 eng d
035 ## - SYSTEM CONTROL NUMBER
System control number (Sirsi) u156245
041 0# - LANGUAGE CODE
Language code of text/sound track or separate title eng
110 2# - MAIN ENTRY--CORPORATE NAME
Corporate name or jurisdiction name as entry element Great Britain
Subordinate unit Commissioners appointed to report and advise upon the Boundaries and Wards of certain Boroughs and Corporate towns in England and Wales
9 (RLIN) 6061
245 00 - TITLE STATEMENT
Title Report of the commissioners appointed to report and advise upon the boundaries and wards of certain boroughs and corporate towns in England and Wales
260 ## - PUBLICATION, DISTRIBUTION, ETC.
Place of publication, distribution, etc. [London]
Name of publisher, distributor, etc. [House of Commons]
Date of publication, distribution, etc. 1837
300 ## - PHYSICAL DESCRIPTION
Extent 3 v.
Other physical details ill., maps
Dimensions 36 cm.
490 #0 - SERIES STATEMENT
Series statement House of Commons Paper
Volume/sequential designation (238)
520 ## - SUMMARY, ETC.
Summary, etc. Ordered by the House of Commons, to be printed 26th April 1837. Library holds parts 2 and 3 only.
583 0# - ACTION NOTE
Action Condition reviewed
Time/date of action 20120620
Status condition level 4 and 4
651 #4 - SUBJECT ADDED ENTRY--GEOGRAPHIC NAME
Geographic name England and Wales
Chronological subdivision 1543-
690 ## - LOCAL SUBJECT ADDED ENTRY--TOPICAL TERM (OCLC, RLIN)
Topical term or geographic name as entry element Business and management
942 ## - ADDED ENTRY ELEMENTS (KOHA)
Suppress in OPAC 0
Holdings
Withdrawn status Lost status Source of classification or shelving scheme Damaged status Not for loan Home library Current library Shelving location Date acquired Total Checkouts Full call number Barcode Date last seen Copy number Price effective from Koha item type
    Dewey Decimal Classification     Historic collection Historic collection Historic collection 09/05/2012   FOLIO 1837 COMMISSIONERS PT. 3 30077593 06/08/2019 1 06/08/2019 Book
    Dewey Decimal Classification     Historic collection Historic collection Historic collection 09/05/2012   FOLIO 1837 COMMISSIONERS PT. 2 30077597 06/08/2019 1 06/08/2019 Book